000 00413 a2200109 4500
001 ART_11340
005 20260410161856.0
008 260409a
245 1 0 _aEl sector agropecuario en la provincia de Córdoba en el año 1983-1984. Su relación con años anteriores y participación nacional
100 1 _aColomé, Rinaldo A.
773 0 _tRevista de Economía
_g- Nº 45 (dic. 1985)
_wREV11077
999 _c25483
_d25483